书目信息 |
| 题名: |
基坑与边坡事故警示录
|
|
| 作者: | 曾宪明 编著 | |
| 分册: | ||
| 出版信息: | 北京 中国建筑工业出版社 1999.09 |
|
| 页数: | 297页 | |
| 开本: | 16开 | |
| 丛书名: | ||
| 单 册: | ||
| 中图分类: | TU753 | |
| 科图分类: | ||
| 主题词: | 建筑工程--各种 | |
| 电子资源: | ||
| ISBN: | 7-112-03939-8 | |
| 000 | 00584nam0 2200193 45 | |
| 001 | 0006211661 | |
| 005 | 20001210091308.3 | |
| 010 | @a7-112-03939-8@d25.00元 | |
| 100 | @a20000621d1999 km y0chiy0120 ea | |
| 101 | 0 | @achi |
| 105 | @a z 000yy | |
| 200 | 1 | @a基坑与边坡事故警示录@AJi Keng Yu Bian Po Shi Gu Jing Shi Lu@f曾宪明等编著@FCeng Xian Ming Deng Bian Zhu |
| 210 | @a北京@c中国建筑工业出版社@d1999.09 | |
| 215 | @a297页@d16开 | |
| 606 | 0 | @a建筑工程@x各种 |
| 690 | @aTU753@v3 | |
| 701 | 0 | @a曾宪明@4编著 |
| 801 | @aCN@bPftUser@c20000621 | |
| 905 | @dTU753@eZ542@b302080-084@f5 | |
| 基坑与边坡事故警示录/曾宪明等编著.-北京:中国建筑工业出版社,1999.09 |
| 297页;16开 |
| ISBN 7-112-03939-8:25.00元 |
| ● |
| 相关链接 |
|
|
|
正题名:基坑与边坡事故警示录
索取号:TU753/Z542
 
预约/预借
| 序号 | 登录号 | 条形码 | 馆藏地/架位号 | 状态 | 备注 |
| 1 | 302080 | 203020809 | 自科二线404/404自科库 7排1列3层/ [索取号:TU753/Z542] | 在馆 | |
| 2 | 302081 | 203020818 | 建筑库201/201建筑库 41排6列4层/ [索取号:TU753/Z542] | 在馆 | |
| 3 | 302082 | 203020827 | 自科二线404/404自科库 14排5列4层/ [索取号:TU753/Z542] | 在馆 | |
| 4 | 302083 | 203020836 | 建筑库201/201建筑库 41排6列4层/ [索取号:TU753/Z542] | 在馆 | |
| 5 | 302084 | 203020845 | 自科二线404/404自科库 14排5列4层/ [索取号:TU753/Z542] | 在馆 |